Dan'cite kato element ot mechanizma za upravlenije na socialisticeskata ikonomika (Record no. 472)

MARC details
000 -LEADER
fixed length control field 00583nam a22002057i 4500
001 - CONTROL NUMBER
control field 479
003 - CONTROL NUMBER IDENTIFIER
control field OSt
005 - DATE AND TIME OF LATEST TRANSACTION
control field 20170126082243.0
007 - PHYSICAL DESCRIPTION FIXED FIELD--GENERAL INFORMATION
fixed length control field tu
008 - FIXED-LENGTH DATA ELEMENTS--GENERAL INFORMATION
fixed length control field 161220s1988 xxu||||| |||| 00| 0 d
024 7# - OTHER STANDARD IDENTIFIER
Standard number or code 478
Source of number or code RID
040 ## - CATALOGING SOURCE
Transcribing agency OSt
084 ## - OTHER CLASSIFICATION NUMBER
Classification number 3.21
Number source z
100 1# - MAIN ENTRY--PERSONAL NAME
Personal name G'l'bov, Nikolaj
242 00 - TRANSLATION OF TITLE BY CATALOGING AGENCY
Title Steuern als Element des Mechanismus für die Lenkung der sozi
245 00 - TITLE STATEMENT
Title Dan'cite kato element ot mechanizma za upravlenije na socialisticeskata ikonomika
260 ## - PUBLICATION, DISTRIBUTION, ETC.
Place of publication, distribution, etc. Sofija :
Name of publisher, distributor, etc. Izd. na B'lgarskat Akademija na Naukite,
Date of publication, distribution, etc. 1988.
300 ## - PHYSICAL DESCRIPTION
Extent 264 S. ;
Dimensions 21cm.
651 ## - SUBJECT ADDED ENTRY--GEOGRAPHIC NAME
Geographic name Bulgaria
942 ## - ADDED ENTRY ELEMENTS (KOHA)
Koha item type Book
Holdings
Withdrawn status Lost status Damaged status Not for loan Home library Current library Shelving location Date acquired Inventory number Total Checkouts Full call number Barcode Date last seen Price effective from Koha item type
        WIIW WIIW Souterrain 06/29/1992 479   I-4.971 300477 01/26/2017 01/26/2017 Book
The Vienna Instiute for International Economic Studies (wiiw)